000
00306nam a2200109Ia 4500
008
171211s9999 xx 000 0 und d
245
_a
Mikoyan-Gurevich MiG-21
245
_c
Alexadner Mladenov
260
_c
2014
650
_x
Military
856
_u
http://down.ebook777.com/OAV14_Mikoyan-Gurevich_MiG-21.pdf
999
_c
348318
_d
348318